| 000 | 01344nam a2200337Ia 4500 | ||
|---|---|---|---|
| 001 | ebr10251448 | ||
| 003 | CaPaEBR | ||
| 006 | m u | ||
| 007 | cr cn||||||||| | ||
| 008 | 070808s2008 enk sb 001 0 eng d | ||
| 010 | _z 2007032751 | ||
| 020 | _z9781843103899 | ||
| 020 | _z1843103893 | ||
| 040 |
_aCaPaEBR _cCaPaEBR |
||
| 035 | _a(OCoLC)560627900 | ||
| 050 | 1 | 4 |
_aHD61 _b.C373 2008eb |
| 100 | 1 |
_aCarson, David, _d1950- |
|
| 245 | 1 | 0 |
_aProfessional risk and working with people _h[electronic resource] : _bdecision-making in health, social care and criminal justice / _cDavid Carson and Andy Bain. |
| 260 |
_aLondon ; _aPhiladelphia : _bJessica Kingsley Publishers, _c2008. |
||
| 300 | _a256 p. | ||
| 504 | _aIncludes bibliographical references (p. 243-248) and indexes. | ||
| 533 |
_aElectronic reproduction. _bPalo Alto, Calif. : _cebrary, _d2009. _nAvailable via World Wide Web. _nAccess may be limited to ebrary affiliated libraries. |
||
| 650 | 0 | _aRisk management. | |
| 650 | 0 | _aRisk managers. | |
| 650 | 0 | _aDecision making. | |
| 650 | 0 |
_aSocial service _xDecision making. |
|
| 655 | 7 |
_aElectronic books. _2local |
|
| 700 | 1 |
_aBain, Andy, _d1971- |
|
| 710 | 2 | _aebrary, Inc. | |
| 856 | 4 | 0 |
_uhttp://site.ebrary.com/lib/rucke/Doc?id=10251448 _zAn electronic book accessible through the World Wide Web; click to view |
| 999 |
_c150068 _d150068 |
||